Leben und Thaten des Weisen Junkers Don Quixote von Mancha (Record no. 2582)

MARC details
000 -CABECERA
campo de control de longitud fija 01762nam a2200313 a 4500
001 - NÚMERO DE CONTROL
campo de control BRCA_2843
005 - FECHA Y HORA DE LA ÚLTIMA TRANSACCIÓN
campo de control 20190320204008.0
008 - DATOS DE LONGITUD FIJA--INFORMACIÓN GENERAL
campo de control de longitud fija 091208s1777----gw-#---###---#000-0dger-u
041 ## - CÓDIGO DE LENGUA
Código de lengua del texto/banda sonora o título independiente ger
044 ## - CÓDIGO DEL PAÍS DE LA ENTIDAD EDITORA/PRODUCTORA
Código MARC del país gw
084 ## - OTRO NÚMERO DE CLASIFICACIÓN
Número de clasificación 268
Número de documento/Ítem .F758
-- 1777
100 1# - ENTRADA PRINCIPAL--NOMBRE DE PERSONA
Nombre de persona Cervantes Saavedra, Miguel de
Fechas asociadas al nombre 1547-1616
9 (RLIN) 213
245 10 - MENCIÓN DE TÍTULO
Título Leben und Thaten des Weisen Junkers Don Quixote von Mancha
Mención de responsabilidad, etc. Miguel de Cervantes Saavedra.
260 ## - PUBLICACIÓN, DISTRIBUCIÓN, ETC.
Lugar de publicación, distribución, etc. Weimar : Leipzig
Nombre del editor, distribuidor, etc. Fritschische Buchhandlung
Fecha de publicación, distribución, etc. 1777
300 ## - DESCRIPCIÓN FÍSICA
Extensión 4 v.
Dimensiones 16 cm.
500 ## - NOTA GENERAL
Nota general Contenido : v 1. Primera parte. Noticia sobre la vida y obra de M. de Cervantes. Prólogo del autor. Texto. -- v 2. Texto. -- v 3. Segunda parte. Nota del traductor. Texto. -- v 4. Texto
500 ## - NOTA GENERAL
Nota general Edición : Neue Ausgabe aus der Urschrifft des Cervantes, Nebst der Fortsetzung des Avellaneda. In 6 Bënden von Friedr. Just. Bertuch
500 ## - NOTA GENERAL
Nota general traducción de F. J. Bertuch. Entre las muchas libertades que se tomó Bertuch, las más notables fueron: el haber suprimido los episodios de Marcela y Grisóstomo, Cardenio y Dorotea, las novelas del Curioso impertinente y del Capitán cautivo, las dos dedicatorias de Cervantes, los versos preliminares de la primera parte, y el prólogo de la segunda. La traducción es mejor que las anteriores Lúdovik Osterc
500 ## - NOTA GENERAL
Nota general QM499
546 ## - NOTA DE LENGUA/LENGUAJE
Nota de lengua/lenguaje Texto en : alemán
650 14 - PUNTO DE ACCESO ADICIONAL DE MATERIA--TÉRMINO DE MATERIA
Término de materia o nombre geográfico como elemento de entrada Novela española
Subdivisión cronológica Época clásica, 1500-1700
9 (RLIN) 215
650 14 - PUNTO DE ACCESO ADICIONAL DE MATERIA--TÉRMINO DE MATERIA
Término de materia o nombre geográfico como elemento de entrada Literatura española
Subdivisión cronológica Época clásica, 1500-1700
9 (RLIN) 216
650 14 - PUNTO DE ACCESO ADICIONAL DE MATERIA--TÉRMINO DE MATERIA
Término de materia o nombre geográfico como elemento de entrada Novela española
Subdivisión cronológica Siglo XVII
9 (RLIN) 217
650 14 - PUNTO DE ACCESO ADICIONAL DE MATERIA--TÉRMINO DE MATERIA
Término de materia o nombre geográfico como elemento de entrada Don Quijote (Personaje ficticio)
Término indicativo de función/relación Novela
9 (RLIN) 218
700 1# - PUNTO DE ACCESO ADICIONAL--NOMBRE DE PERSONA
Nombre de persona Bertuch, Friedich Johann Justin
Fechas asociadas al nombre 1747-1822
Término indicativo de función/relación Traductor
9 (RLIN) 7956
740 0# - PUNTO DE ACCESO ADICIONAL--TÍTULO RELACIONADO O ANALÍTICO NO CONTROLADO
Título relacionado o analítico no controlado El Ingenioso Hidalgo Don Quijote de la Mancha
902 ## - CATALOGADOR
Iniciales QFM
942 ## - ELEMENTOS DE PUNTO DE ACCESO ADICIONAL (KOHA)
Fuente del sistema de clasificación o colocación Library of Congress Classification
Tipo de ítem Koha Libros
Holdings
Estado de retiro Estado de pérdida Estado dañado No para préstamo Localización permanente Ubicación/localización actual Fecha de adquisición Número de inventario Total de préstamos Signatura topográfica completa Código de barras Fecha visto por última vez Precio válido a partir de Tipo de ítem Koha
El ejemplar forma parte de la colección y puede ser consultado según las políticas vigentes.       Biblioteca del Museo Franz Mayer (Rogerio Casas-Alatriste) Biblioteca del Museo Franz Mayer (Rogerio Casas-Alatriste) 09/12/2008 QM499   268 .F758 1777 (QM499) 2840 22/03/2019 22/03/2019 Libros